| 000 | 00379pam a2200133a 44500 | ||
|---|---|---|---|
| 008 | 230405s2006 xxu||||| |||| 00| 0 eng d | ||
| 020 |
_a8180618137 _cRs.295 |
||
| 082 |
_a618.2 _bMAD |
||
| 100 | _aMadhuri, G. B. | ||
| 245 | _aTextbook of Physiotherapy for Obstetrics and Gynecological Conditions | ||
| 260 |
_aNew Delhi _bJaypee Pub _c2006 |
||
| 300 | _a191 p | ||
| 906 | _a000705 | ||
| 999 |
_c249472 _d249472 |
||